000 00562nam a2200193Ia 4500
003 LK-CoDNM
005 20240729121124.0
008 010623t1927 xxu||||| |||| 00| 1 eng d
040 _aLK-CoDNM
_dLK-CoDNM
_eLK-CoDNM
041 _aeng
080 _a14
_bP22
100 _aAnderson,William.J.
245 _aThe Architecture of ancient Rome : The Architecture of Greece and Rome
260 _bB.T.Batsford Ltd
_aLondon
_c1927
300 _bx, 241. : ilL . map ; 23 cm
700 _aDinsmoor,William Bell.
_eed.
700 _aSpiers,R.Phene.
942 _cBK
999 _c93881
_d93881